000 01280nam a22003737a 4500
005 20240530110451.0
008 150511s2012 ua g b | 000 0cara d
017 _a2010/21854
_bمصر . دار الكتب المصرية
020 _a9789774950513
040 _aEG-CaGPL
082 0 4 _221
_a928.11\
_bأ ش
100 0 _aاحمد سويلم
245 1 0 _aشعراء العرب :
_bالاسماء والالقاب والكننى /
_cاحمد سويلم
250 _aط1
260 _aالقاهرة :
_bدار العالم العربى ،
_c2012 .
300 _a600 ص ؛
_c24 سم
504 _aيشتمل على ارجاعات ببليوجرافية
600 0 4 _aامرؤ القيس
600 0 4 _aعزيز اباظة
600 0 4 _aشاعر النيل
600 0 4 _aشاعر الباديه
600 0 4 _aالبحترى
600 0 4 _aعمر بن ابى ربيعة
600 0 4 _aرابعة العدوية
600 0 4 _aعنترة بن شداد
600 0 4 _aعمرو بن كلثوم
600 0 4 _aزهير بن ابى سلمى
600 0 4 _aزرقاء اليمامة
600 0 4 _aالخنساء
600 0 4 _aالحجيجة
650 0 4 _aالشعراء العرب
_xتراجم
942 _2ddc
_cBK
999 _c61249
_d61249